Beamforing antennas in wireless networks : (Record no. 137047)
[ view plain ]
| 000 -LEADER | |
|---|---|
| fixed length control field | 00518nam a22001577a 4500 |
| 005 - DATE AND TIME OF LATEST TRANSACTION | |
| control field | 20250303111515.0 |
| 008 - FIXED-LENGTH DATA ELEMENTS--GENERAL INFORMATION | |
| fixed length control field | 250303b |||||||| |||| 00| 0 eng d |
| 020 ## - INTERNATIONAL STANDARD BOOK NUMBER | |
| International Standard Book Number | 9783030774585 |
| 040 ## - CATALOGING SOURCE | |
| Transcribing agency | PK-LaUMT |
| 082 ## - DEWEY DECIMAL CLASSIFICATION NUMBER | |
| Classification number | 004.67 |
| Item number | OSA-B |
| 100 ## - MAIN ENTRY--PERSONAL NAME | |
| Personal name | Osama Bazan |
| 245 ## - TITLE STATEMENT | |
| Title | Beamforing antennas in wireless networks : |
| Remainder of title | multihop and milimeter wave communication networks / |
| Statement of responsibility, etc | by Osama Bazan, Baha Uddin Kazi and Muhammad Jaseemuddin |
| 260 ## - PUBLICATION, DISTRIBUTION, ETC. (IMPRINT) | |
| Place of publication, distribution, etc | Switzerland : |
| Name of publisher, distributor, etc | Springer, |
| Date of publication, distribution, etc | 2021 |
| 300 ## - PHYSICAL DESCRIPTION | |
| Extent | 124 p. |
| 942 ## - ADDED ENTRY ELEMENTS (KOHA) | |
| Koha item type | Books |
| Withdrawn status | Lost status | Damaged status | Home library | Current library | Date acquired | Full call number | Barcode | Date last seen | Price effective from | Koha item type |
|---|---|---|---|---|---|---|---|---|---|---|
| UMT Main Campus | UMT Main Campus | 2025-03-03 | 004.67 OSA-B | 148965 | 2025-03-03 | 2025-03-03 | Books |
